[Event "Monarch Assurance"]
[Site "Port Erin IOM"]
[Date "2004.09.25"]
[Round "1"]
[White "Williams,Si"]
[Black "Kotronias,V"]
[Result "1-0"]
[WhiteElo "2427"]
[BlackElo "2608"]

1.d4 Nf6 2.c4 g6 3.Nc3 Bg7 4.e4 d6 5.Nf3 O-O 6.Be2 e5 7.Be3 c6 8.d5 Na6 9.Nd2 Ne8
10.h4 f5 11.f3 f4 12.Bf2 c5 13.Nf1 Nf6 14.a3 Nh5 15.Rb1 Bd7 16.b4 b6 17.Bd3 Qe7
18.Bc2 Rfc8 19.Qd3 Qe8 20.Qe2 Bf6 21.Nb5 Be7 22.Bd3 Qd8 23.Kd1 Nc7 24.Nc3 Ne8
25.Qa2 Kh8 26.Rb3 Rab8 27.Qb2 a6 28.a4 b5 29.axb5 axb5 30.bxc5 bxc4 31.Bxc4 dxc5
32.Nd2 Nd6 33.Ke2 Rb4 34.Kd3 Rcb8 35.Rxb4 cxb4 36.Ncb1 Bf6 37.Rc1 Ng3 38.Ba7 Rb7
39.Bc5 Ndf5 40.Qa2 Nxh4 41.Nb3 Rb8 42.Bd6 Rc8 43.Nc5 Bh3 44.Qa6 Nxg2 45.Nb7 Qe8
46.Bxb4 Bg7 47.Nd6 Qf8 48.Nxc8 Qxb4 49.Qb6 Qf8 50.Nd6 Ne3 51.Nd2 h5 52.Qc7 Qa8
53.Nb5 Kh7 54.d6 Nxc4 55.Rxc4 Qa1 56.d7 Bf1+ 57.Nxf1 Qb1+ 58.Rc2 Qxb5+ 59.Kc3 Ne2+
60.Rxe2 Qxe2 61.Nd2 Qe3+ 62.Kc2  1-0

[Event "TCh-Vojvodina"]
[Site "Sombor SCG"]
[Date "2004.09.25"]
[Round "1"]
[White "Vukic,R"]
[Black "Jotic,V"]
[Result "0-1"]
[WhiteElo "2300"]
[BlackElo "2241"]

1.d4 Nf6 2.c4 g6 3.Nc3 Bg7 4.e4 d6 5.Be2 O-O 6.Nf3 Nbd7 7.O-O e5 8.d5 Nc5
9.Qc2 a5 10.Bg5 h6 11.Be3 Nh5 12.Qc1 Kh7 13.Ne1 Nf4 14.Bxf4 exf4 15.Qxf4 a4
16.Rc1 Qe7 17.Nd3 Bxc3 18.Rxc3 Qxe4 19.Qxe4 Nxe4 20.Rcc1 b6 21.Rfe1 Bf5 22.Nb4 Nc5
23.Bf1 Rfe8 24.f3 a3 25.b3 h5 26.Kf2 Kg7 27.Re3 Rxe3 28.Kxe3 Kf6 29.Rc3 Bb1
30.Rc1 Re8+ 31.Kd2 Bxa2 32.Nxa2 Nxb3+ 33.Kc2 Nxc1 34.Nxc1 Re1 35.Bd3 Rh1
36.f4 Rxh2 37.Be4 h4 38.Kb3 h3 39.gxh3 Rxh3+ 40.Bd3 Rf3 41.f5 g5 42.Kxa3 g4
43.Kb4 g3 44.Be4 Rf4 45.Bg2 Rf2 46.Bh3 g2 47.Bxg2 Rxg2 48.Nd3 Rd2 49.Kc3  0-1

[Event "TCh-BEL 2004-5"]
[Site "Belgium BEL"]
[Date "2004.09.26"]
[Round "2"]
[White "Goossens,E"]
[Black "Schebler,G"]
[Result "0-1"]
[WhiteElo "2283"]
[BlackElo "2495"]

1.d4 Nf6 2.c4 g6 3.Nc3 Bg7 4.e4 d6 5.Nf3 O-O 6.Be2 e5 7.d5 a5 8.Bg5 h6 9.Bh4 Na6
10.Nd2 Bd7 11.O-O Qe8 12.Kh1 Nh7 13.a3 h5 14.f3 Bh6 15.b3 Bg5 16.Bxg5 Nxg5
17.Qe1 Nh7 18.Qh4 Kg7 19.Nd1 c6 20.Nb2 f6 21.Qf2 c5 22.Qe3 h4 23.Qc3 b6 24.Nd3 g5
25.Ra2 Qe7 26.Rfa1 Rfb8 27.b4 Nf8 28.Nb3 a4 29.Nd2 Ng6 30.bxc5 Nxc5 31.Nxc5 bxc5
32.Rb2 Nf4 33.Bd1 Rxb2 34.Qxb2 Qd8 35.Qc3 Qc8 36.Rb1 Bh3 37.g3 hxg3 38.hxg3 Bf1
39.Kg1 Qh3 40.Kf2 Qg2+ 41.Ke3 Qg1+  0-1

[Event "IMB Classic"]
[Site "Gausdal NOR"]
[Date "2004.09.26"]
[Round "5"]
[White "Pedersen,Stef"]
[Black "Stokke,K"]
[Result "1/2-1/2"]
[WhiteElo "2441"]
[BlackElo "2192"]

1.d4 Nf6 2.c4 g6 3.Nc3 Bg7 4.e4 O-O 5.Nf3 d6 6.Be2 e5 7.O-O Nh5 8.Bg5 f6
9.Be3 Nf4 10.c5 Nxe2+ 11.Qxe2 exd4 12.Nxd4 dxc5 13.Qc4+ Rf7 14.Qxc5 b6 15.Qd5 Qxd5
16.exd5 f5 17.Rad1 Na6 18.Bf4 Bb7 19.Ne6 Rd7 20.Nxg7 Kxg7 21.Rfe1 Kf7 22.d6 cxd6
23.Nb5 Bc6 24.Nxd6+ Kg8 25.Nc4 Rxd1 26.Rxd1 Nc5 27.Ne5 Bb5 28.h4 Ne6 29.Bh6 Re8
30.f4 Nd8 31.Rd5 a6 32.Rd6 Nf7 33.Nxf7 Kxf7 34.Rxb6 Re6 35.Rb8 Re8 36.Rxe8 Bxe8
37.Kf2 Ke6 38.Ke3 Kd5 39.Kd3 Bb5+ 40.Kc3 Bf1 41.g3 Be2 42.Bg5 Bf1 43.Kb4  1/2-1/2

[Event "Tatry Open"]
[Site "Tatranske Zruby SVK"]
[Date "2004.09.26"]
[Round "2"]
[White "Kostelny,J"]
[Black "Chovanec,V"]
[Result "1-0"]
[WhiteElo "2284"]
[BlackElo "2087"]

1.d4 Nf6 2.c4 g6 3.Nc3 Bg7 4.e4 d6 5.Nf3 O-O 6.Be2 e5 7.d5 a5 8.Bg5 h6 9.Bh4 Na6
10.Nd2 Qe8 11.a3 Bd7 12.b3 Kh7 13.Rb1 Ng8 14.O-O f5 15.exf5 Bxf5 16.Nde4 Nf6
17.Bxf6 Bxf6 18.Bd3 Qe7 19.b4 axb4 20.axb4 Bg7 21.Qc2 h5 22.b5 Nc5 23.Nxc5 dxc5
24.Bxf5 gxf5 25.b6 e4 26.bxc7 Qxc7 27.Rb3 Be5 28.g3 Qg7 29.Rfb1 Rf7 30.Rd1 h4
31.Ne2 Qg6 32.Kh1 Rg8 33.f4 exf3 34.Rxf3 Qh5 35.Kg2 Rg4 36.d6 Bd4 37.Nxd4 cxd4
38.Rdf1 Kg6 39.d7 Rxd7 40.Rxf5 h3+ 41.Kg1 d3 42.Qa4  1-0

[Event "79th ch-ARG"]
[Site "Buenos Aires ARG"]
[Date "2004.09.27"]
[Round "5"]
[White "Albarran,G"]
[Black "Sambuco Salomone,L"]
[Result "1-0"]
[WhiteElo "2237"]
[BlackElo "2071"]

1.d4 Nf6 2.c4 g6 3.Nc3 Bg7 4.e4 d6 5.Be2 O-O 6.Nf3 e5 7.dxe5 dxe5 8.Qxd8 Rxd8
9.Nd5 Nxd5 10.cxd5 c6 11.Bc4 b5 12.Bb3 Bb7 13.Bg5 Rd7 14.Rc1 cxd5 15.Bxd5 Na6
16.Bxb7 Rxb7 17.Ke2 f6 18.Be3 Rd8 19.Rc3 Kf7 20.Rhc1 Ke7 21.Rc6 Nb4 22.Bc5+  1-0

[Event "Tatry Open"]
[Site "Tatranske Zruby SVK"]
[Date "2004.09.27"]
[Round "4"]
[White "Klemanic,E"]
[Black "Hanzluvka,P"]
[Result "1-0"]
[WhiteElo "2248"]
[BlackElo "2081"]

1.d4 Nf6 2.Nf3 g6 3.c4 Bg7 4.Nc3 d6 5.e4 O-O 6.Be2 e5 7.O-O Nbd7 8.Re1 a5
9.Rb1 Re8 10.d5 Nc5 11.Qc2 Nh5 12.g3 f5 13.Nh4 Nf6 14.exf5 gxf5 15.Nxf5 Bxf5
16.Qxf5 Rf8 17.Qh3 Qd7 18.Qxd7 Nfxd7 19.Be3 Rf6 20.Bg4 Bh6 21.Bxd7 Bxe3 22.fxe3 Nxd7
23.Rf1 Raf8 24.Ne4 Rf3 25.Rxf3 Rxf3 26.Re1 h6 27.b3 Kg7 28.Kg2 Rf8 29.Rc1 b6
30.Rf1 Rxf1 31.Kxf1 Kg6 32.Ke2 Nb8 33.Nc3 Na6 34.Nb5 Kg5 35.h3 Kf6 36.Kd2 Kf5
37.Ke2 Kf6 38.Kf3 Kf5 39.g4+ Kg5 40.Kg3 Kf6 41.h4 Kg6 42.Kf3 Kf6 43.Nc3 Kg6
44.Ne4 Nb4 45.a3 Nc2 46.Ke2 Na1 47.Kd1 Nxb3 48.a4 Nc5 49.Nxc5 dxc5 50.Ke2 e4
51.Kf2 Kf6 52.Kg3 Ke5 53.g5 hxg5 54.hxg5 Kf5 55.Kh4 b5 56.cxb5 c4 57.b6 cxb6
58.d6 Ke6 59.g6 c3  1-0

[Event "Monarch Assurance"]
[Site "Port Erin IOM"]
[Date "2004.09.28"]
[Round "4"]
[White "Almond,R"]
[Black "Gallagher,Jo"]
[Result "0-1"]
[WhiteElo "2113"]
[BlackElo "2541"]

1.d4 Nf6 2.c4 g6 3.Nc3 Bg7 4.e4 d6 5.Nf3 O-O 6.Be2 Na6 7.O-O e5 8.Be3 Ng4
9.Bg5 Qe8 10.dxe5 dxe5 11.Nd2 f6 12.Bh4 h5 13.a3 Be6 14.b4 Rd8 15.h3 Nh6
16.f3 Nb8 17.Qc2 Nc6 18.Nb3 Nd4 19.Nxd4 exd4 20.Nd5 Rd7 21.Bg3 Qf7 22.Nf4 f5
23.Nxe6 Qxe6 24.c5 Kh7 25.Bc4 Qe7 26.Rae1 f4 27.Bf2 Be5 28.Rd1 g5 29.Rfe1 Rf6
30.Rd3 Rg6 31.Red1 g4 32.hxg4 hxg4 33.fxg4 Nxg4 34.Rh3+ Rh6 35.Rxh6+ Kxh6
36.Qb3 Nxf2 37.Kxf2 Qh4+ 38.Ke2 Rg7 39.Qh3 Qxh3 40.gxh3 Rg2+ 41.Kf1 Rh2 42.Rd3 Kg5
43.a4 a5 44.b5 Rc2 45.Bd5 Rxc5 46.Bxb7 Rc4 47.Ra3 Rc3 48.Ra2 f3 49.Bc6 Kf4
50.Ra1 Rc2 51.Rd1 Rh2 52.Kg1 Kg3 53.Rd3 Bf4  0-1

[Event "Monarch Assurance"]
[Site "Port Erin IOM"]
[Date "2004.09.29"]
[Round "5"]
[White "Bosboom Lanchava,T"]
[Black "Lutton,J"]
[Result "1-0"]
[WhiteElo "2370"]
[BlackElo "2134"]

1.d4 g6 2.c4 Nf6 3.Nc3 Bg7 4.e4 d6 5.Nf3 O-O 6.Be2 e5 7.d5 Nbd7 8.h4 h5 9.Ng5 Nh7
10.g4 Bf6 11.Nxh7 Kxh7 12.gxh5 Bxh4 13.hxg6+ fxg6 14.Be3 Kg7 15.Qd2 Rh8 16.O-O-O Nf6
17.Rdg1 Nh5 18.Kb1 a6 19.Rh2 Qf6 20.Bxh5 Rxh5 21.Ne2 Bd7 22.f4 Be1 23.Ng3 Rxh2
24.Qxh2 Bxg3 25.Qxg3 exf4 26.Bxf4 Re8 27.Bd2 Qf7 28.Bc3+ Kf8 29.Rh1 Bc8 30.Rh8+ Ke7
31.Qh4+ g5 32.Qxg5+ Kd7 33.Qg4+ Kd8 34.Qh4+  1-0

[Event "ch-ISR w"]
[Site "Ramat Aviv ISR"]
[Date "2004.09.29"]
[Round "9"]
[White "Porat,M"]
[Black "Igla,B"]
[Result "0-1"]
[WhiteElo "2022"]
[BlackElo "2209"]

1.d4 Nf6 2.c4 g6 3.Nc3 Bg7 4.e4 d6 5.Nf3 O-O 6.Be2 e5 7.dxe5 dxe5 8.Qxd8 Rxd8
9.Bg5 Re8 10.Nd5 Nxd5 11.cxd5 c6 12.Bc4 b5 13.Bb3 Bb7 14.Rd1 cxd5 15.Bxd5 Bxd5
16.Rxd5 Nc6 17.Rxb5 Rab8 18.Rc5 Nb4 19.O-O Nxa2 20.Ra5 Rxb2 21.Rxa7 h6 22.Bd2 Rc8
23.Ra1 Rcc2 24.Ra6 f5 25.Rxg6 Kh7 26.Re6 fxe4 27.Nxe5 Rxd2 28.Nc4 Rbc2 29.Nxd2 Bxa1
30.Nf1 Re2 31.g3 Bd4 32.Ne3 Bxe3 33.fxe3 Rxe3 34.Kf2 Rf3+ 35.Kg2 Nc3 36.Rxe4 Nxe4
37.Kxf3 Nd2+ 38.Kf4 Kg6 39.g4 Nb3 40.h4 Nc5 41.Ke5 Na6 42.Kf4 Nc7 43.Ke5 Ne8
44.Ke4 Ng7 45.Ke5 Kf7 46.Kf4 Ke6 47.Ke4 Ne8 48.Kf4 Nd6 49.Kf3 Ke5 50.Ke3 Nc8
51.Kf3 Ne7 52.Kg3 Ng6 53.h5 Nf8 54.Kh4 Kf4 55.Kh3 Nh7 56.Kh4 Nf6 57.Kh3 Nxg4
58.Kh4 Nf6 59.Kh3 Nxh5 60.Kh4 Ng7 61.Kh3 Nf5 62.Kg2 h5 63.Kh3 h4 64.Kh2 Kg4
65.Kg2 h3+ 66.Kh2 Nd6  0-1

[Event "TCh-Vojvodina"]
[Site "Sombor SCG"]
[Date "2004.09.29"]
[Round "7"]
[White "Indjic,D"]
[Black "Popovic,Du"]
[Result "1-0"]
[WhiteElo "2341"]
[BlackElo "2460"]

1.d4 Nf6 2.Nf3 g6 3.c4 Bg7 4.Nc3 O-O 5.e4 d6 6.Be2 e5 7.d5 a5 8.Bg5 Na6 9.Nd2 Qe8
10.a3 Bd7 11.b3 Kh8 12.Qb1 Ng8 13.b4 axb4 14.axb4 f5 15.f3 c5 16.dxc6 bxc6
17.c5 Nc7 18.cxd6 Rxa1 19.Qxa1 Ne6 20.Be3 Nd4 21.Qb2 Qb8 22.Nc4 Be6 23.Bd3 Bxc4
24.Bxc4 Qxd6 25.O-O Rb8 26.Rb1 Nf6 27.exf5 gxf5 28.Kh1 Nd7 29.Ne2 c5 30.b5 Nb6
31.Qc1 Qd7 32.Bg1 e4 33.fxe4 fxe4 34.Ng3 Re8 35.Bf1 Qd5 36.Qd2 Rf8 37.Qe3 Re8
38.Qd2 Rf8 39.Qe1 Rf4 40.Qa5 Rf6 41.Qa7 Qe6 42.Re1 Rf7 43.Qb8+ Rf8 44.Qc7 Nf5
45.Nxf5 Rxf5 46.Bxc5 Bc3 47.Bxb6 Bxe1 48.Bd4+ Rf6 49.Bc4 Qf5 50.Qf7  1-0

[Event "Tatry Open"]
[Site "Tatranske Zruby SVK"]
[Date "2004.09.29"]
[Round "6"]
[White "Rachela,M"]
[Black "Frindt,K"]
[Result "1-0"]
[WhiteElo "2308"]
[BlackElo "2189"]

1.d4 Nf6 2.Nf3 g6 3.c4 Bg7 4.Nc3 d6 5.e4 O-O 6.Be2 e5 7.d5 Nbd7 8.Bg5 h6
9.Bh4 a5 10.Nd2 Nc5 11.O-O Bd7 12.b3 Qc8 13.a3 b6 14.b4 Nb7 15.Rc1 axb4 16.axb4 Qe8
17.Nb5 Bxb5 18.cxb5 Qd7 19.Qc2 Ne8 20.Qc6 Qc8 21.Be7 Nd8 22.Qc2 f5 23.Bxf8 Bxf8
24.Bd3 f4 25.Ra1 Rxa1 26.Rxa1 Qg4 27.Ra7 Be7 28.h3 Qh5 29.Nf3 g5 30.Rxc7 Nxc7
31.Qxc7 Qe8 32.Qxb6 h5 33.Bc4 Nf7 34.Qc6 Qb8 35.b6 Bd8 36.b7 Bc7 37.b5 Kg7
38.b6 Bxb6 39.Qxb6 g4 40.hxg4 hxg4 41.Nh4 Kf6 42.Nf5 g3 43.fxg3 Kg5 44.Bb5 fxg3
45.Be8 Qxe8 46.b8=Q Qa4 47.Qg8+  1-0

[Event "TCh-Vojvodina"]
[Site "Sombor SCG"]
[Date "2004.09.30"]
[Round "8"]
[White "Munizaba,S"]
[Black "Stojanovic,Da"]
[Result "1/2-1/2"]
[WhiteElo "2314"]
[BlackElo "2441"]

1.c4 Nf6 2.Nc3 g6 3.e4 d6 4.d4 Bg7 5.Nf3 O-O 6.Be2 Na6 7.O-O e5 8.Rb1 c6
9.b4 exd4 10.Nxd4 Re8 11.f3 Nc7 12.Re1 d5 13.exd5 cxd5 14.c5 Nh5 15.g3 a6
16.Na4 Qf6 17.Bb2 Qg5 18.Bf1 Rxe1 19.Qxe1 Bf5  1/2-1/2

[Event "Tatry Open"]
[Site "Tatranske Zruby SVK"]
[Date "2004.09.30"]
[Round "7"]
[White "Jurkiewicz,K1"]
[Black "Bednar,Jan"]
[Result "1-0"]
[WhiteElo "2217"]
[BlackElo "2085"]

1.d4 Nf6 2.c4 g6 3.Nc3 Bg7 4.e4 d6 5.Be2 O-O 6.Nf3 e5 7.d5 c5 8.Bg5 h6 9.Bh4 a6
10.Nd2 Qe8 11.a3 Nh7 12.b4 Nd7 13.g4 Rb8 14.Rb1 Ng5 15.Bxg5 hxg5 16.O-O Bf6
17.Nb3 b6 18.bxc5 bxc5 19.Na5 Kg7 20.Nc6 Ra8 21.Rb3 Bd8 22.Qd2 f6 23.Rfb1 Rh8
24.f3 Rh4 25.Bd3 Bc7 26.a4 Nf8 27.Ne2 Kh8 28.a5 Rh7 29.Bc2 Bd7 30.Ra3 Bxc6
31.dxc6 Rb8 32.Rxb8 Qxb8 33.Nc3 Qb4 34.Ra4 Qb8 35.Nd5 Qd8 36.Bd1 Ne6 37.Qb2 Nd4
38.Qb7 Qb8 39.Ra1 Qxb7 40.cxb7 Bb8 41.Rb1 Nc6 42.Nxf6 Rf7 43.Ba4 Nb4 44.Nd7 Rxd7
45.Bxd7 Kg7 46.Be8 Kf8 47.Bxg6 Ke7 48.Kg2 Kd8 49.Bf7 Kc7 50.Bd5 Ba7 51.h4 gxh4
52.Kh3 Kb8 53.Kxh4 Bb6 54.axb6  1-0

[Event "Premier League"]
[Site "Belgrade SCG"]
[Date "2004.10.01"]
[Round "7"]
[White "Marcetic,N"]
[Black "Carnic,S"]
[Result "1/2-1/2"]
[WhiteElo "2401"]
[BlackElo "2339"]

1.d4 Nf6 2.c4 g6 3.Nc3 Bg7 4.e4 d6 5.Nf3 O-O 6.Be2 e5 7.Be3 exd4 8.Nxd4 Re8
9.f3 c6 10.Qd2 d5 11.exd5 cxd5 12.c5 Nc6 13.Bf2 Bf8 14.Nxc6 bxc6 15.a3 Nd7
16.b4 Bg7 17.Ra2 Ba6 18.Rc2 Bc4 19.Bd4 Qh4+ 20.Bf2 Qd8 21.Bd4 Qh4+ 22.Bf2  1/2-1/2

[Event "Monarch Assurance"]
[Site "Port Erin IOM"]
[Date "2004.10.01"]
[Round "7"]
[White "Cox,JJ"]
[Black "Gallagher,Jo"]
[Result "0-1"]
[WhiteElo "2314"]
[BlackElo "2541"]

1.d4 Nf6 2.c4 g6 3.Nc3 Bg7 4.e4 d6 5.Nf3 O-O 6.Be2 e5 7.dxe5 dxe5 8.Qxd8 Rxd8
9.Bg5 Re8 10.Nd5 Nxd5 11.cxd5 c6 12.Bc4 b5 13.Bb3 Bb7 14.dxc6 Bxc6 15.Nd2 Nd7
16.Be3 a5 17.Ke2 a4 18.Bc2 Nf8 19.Rac1 Ne6 20.Bd3 Bd7 21.g3 Ra6 22.Nb1 f5
23.f3 Nd4+ 24.Kf2 Rf8 25.Bxd4 fxe4 26.Bxe4 exd4 27.Rc7 Be6 28.a3 Bh6 29.Rd1 Be3+
30.Kg2 Bb3 31.Re1 Re6 32.Bc6 Bc4 33.Be4 Rxe4 34.fxe4 Rf2+ 35.Kh1 Rxb2 36.Rd1 Be2  0-1

[Event "TCh-Vojvodina"]
[Site "Sombor SCG"]
[Date "2004.10.01"]
[Round "9"]
[White "Indjic,D"]
[Black "Bokan,D"]
[Result "1-0"]
[WhiteElo "2341"]
[BlackElo "2333"]

1.d4 Nf6 2.Nf3 g6 3.c4 Bg7 4.Nc3 d6 5.e4 O-O 6.Be2 e5 7.d5 a5 8.Bg5 Na6 9.Nd2 Qe8
10.a3 Bd7 11.b3 Kh8 12.Rb1 Ng8 13.b4 f5 14.f3 Bh6 15.Bxh6 Nxh6 16.O-O f4
17.bxa5 Nc5 18.Nb3 Nxb3 19.Qxb3 Bc8 20.Qb4 g5 21.Nb5 Qd8 22.h3 Nf7 23.Rfd1 h5
24.c5 Rg8 25.Rb3 g4 26.fxg4 hxg4 27.hxg4 Bxg4 28.Rd2 Bc8 29.Rc2 Rg3 30.cxd6 cxd6
31.Rc7 Bd7 32.Rxb7 Qg5 33.Bf1 Rg8 34.Rxg3 fxg3 35.Qc3 Qh4 36.Bc4 Bg4 37.Qe3 Ng5
38.Nxd6 Rf8 39.Nf5 Bxf5 40.exf5 Qh2+ 41.Kf1 Rxf5+ 42.Ke1 Qh1+ 43.Kd2 Qxg2+
44.Kc1 Qf2 45.Qxf2 Rxf2 46.Rb3 Nf3 47.Rb8+ Kh7 48.Bd3+ Kg7 49.Rb7+ Kf6 50.Rb6+ Kg5
51.Rg6+ Kf4 52.a6 Ra2 53.d6 Rxa3 54.Be2 Nd4 55.Bf1 Nc6 56.d7 Nd8 57.Kb2 Ra5
58.Rg8 Ne6 59.Re8 g2 60.Bxg2 Rxa6 61.Rxe6 Rxe6 62.d8=Q  1-0

[Event "FSGM October"]
[Site "Budapest HUN"]
[Date "2004.10.03"]
[Round "2"]
[White "Paschall,W"]
[Black "Wittmann,W"]
[Result "1-0"]
[WhiteElo "2389"]
[BlackElo "2337"]

1.Nf3 Nf6 2.c4 g6 3.Nc3 Bg7 4.e4 d6 5.d4 O-O 6.Be2 e5 7.O-O Na6 8.Be3 Ng4
9.Bg5 Qe8 10.dxe5 dxe5 11.h3 f6 12.Bd2 Nh6 13.Be3 Nf7 14.c5 c6 15.Bxa6 bxa6
16.Qa4 Rb8 17.Nd2 f5 18.exf5 gxf5 19.f4 exf4 20.Bxf4 Rxb2 21.Rac1 Ne5 22.Nd1 Rb7
23.Nf2 Qg6 24.Rc3 Qe6 25.Nf3 Nxf3+ 26.Rxf3 Kh8 27.Rg3 Qd5 28.Rd3 Qe6 29.Bd6 Rg8
30.Rg3 Rd7 31.Nd3 Rxd6 32.cxd6 Qxd6 33.Kh2 Bd4 34.Nf4 Rf8 35.Kh1 c5 36.Qd1 Qh6
37.Qd2 Qh4 38.Qe1 Qf6 39.Qe2 Qf7 40.Re1 Bd7 41.Qd2 Rb8 42.Nd3 Re8 43.Rxe8+ Qxe8
44.Nxc5  1-0

[Event "Goodbye Summer Open"]
[Site "Omis CRO"]
[Date "2004.10.06"]
[Round "1"]
[White "Zivanic,M"]
[Black "Susovic,H"]
[Result "1-0"]
[WhiteElo "2435"]
[BlackElo "2063"]

1.d4 Nf6 2.c4 g6 3.Nc3 Bg7 4.e4 O-O 5.Nf3 d6 6.Be2 e5 7.Be3 Nc6 8.d5 Ne7
9.Nd2 c6 10.O-O Nd7 11.b4 f5 12.f3 fxe4 13.fxe4 Rxf1+ 14.Bxf1 Nf6 15.Be2 a5
16.a3 axb4 17.axb4 Rxa1 18.Qxa1 Ng4 19.Bxg4 Bxg4 20.h3 Bd7 21.Qa3 cxd5 22.cxd5 Qc7
23.b5 Nc8 24.Qb4 Be8 25.Nc4 Bf8 26.b6 Qd7 27.Bc1 h6 28.Ba3 g5 29.Nxe5 Qg7
30.Nf3 g4 31.hxg4 Qxg4 32.Nd1 Bg7 33.Ne3 Qf4 34.Nf5 Bg6 35.Nxg7 Qe3+ 36.Kh1 Bxe4
37.Ne6 Bxf3 38.gxf3 Qxf3+ 39.Kg1 Qe3+ 40.Kf1 Qf3+ 41.Ke1 Qxd5 42.Qg4+ Kf7
43.Qg7+ Kxe6 44.Qg8+ Ke5 45.Bb2+  1-0

[Event "Goodbye Summer Open"]
[Site "Omis CRO"]
[Date "2004.10.06"]
[Round "1"]
[White "Videkovic,M"]
[Black "Zufic,M"]
[Result "0-1"]
[WhiteElo "1981"]
[BlackElo "2370"]

1.d4 Nf6 2.c4 g6 3.Nc3 Bg7 4.e4 d6 5.Nf3 O-O 6.Be2 Na6 7.O-O e5 8.d5 Nc5
9.Nd2 a5 10.h3 Bd7 11.Qc2 c6 12.Nb3 Na6 13.a3 a4 14.Nd2 Nc5 15.b4 axb3 16.Nxb3 Na6
17.Be3 Qc7 18.Rfc1 Ne8 19.c5 f5 20.dxc6 bxc6 21.cxd6 Nxd6 22.Nd5 cxd5 23.Qxc7 Nxc7
24.Rxc7 Ba4 25.Nc5 Nxe4 26.Nxa4 Rxa4 27.Bb5 Ra5 28.a4 d4 29.Bc1 Rb8 30.Bc4+ Kh8  0-1

[Event "Goodbye Summer Open"]
[Site "Omis CRO"]
[Date "2004.10.08"]
[Round "3"]
[White "Zivanic,M"]
[Black "Ribicic,M"]
[Result "1-0"]
[WhiteElo "2435"]
[BlackElo "2210"]

1.d4 Nf6 2.c4 g6 3.Nc3 Bg7 4.e4 d6 5.Nf3 O-O 6.Be2 e5 7.Be3 h6 8.dxe5 Ng4
9.Bd2 Nxe5 10.O-O Nbc6 11.Be3 Be6 12.Nd5 Nxf3+ 13.gxf3 f5 14.Kh1 Ne5 15.Rg1 fxe4
16.f4 Nd3 17.Rxg6 Bf5 18.Rg3 c6 19.Qg1 Rf7 20.Bh5 Rd7 21.Bd4 Nxf2+ 22.Qxf2 cxd5
23.Rag1  1-0

[Event "Piloo Mody Open"]
[Site "Lucknow IND"]
[Date "2004.10.09"]
[Round "9"]
[White "Sundararajan,K"]
[Black "Safin,S"]
[Result "1/2-1/2"]
[WhiteElo "2452"]
[BlackElo "2466"]

1.d4 Nf6 2.c4 g6 3.Nc3 Bg7 4.e4 d6 5.Nf3 O-O 6.Be2 e5 7.Be3 Qe8 8.dxe5 Ng4
9.Bc1 Nxe5 10.O-O Nbc6 11.Be3 Nxf3+ 12.Bxf3 Qe5 13.Qd2 Be6 14.Nd5 Nd4 15.Qd1  1/2-1/2

[Event "Essent Open"]
[Site "Hoogeveen NED"]
[Date "2004.10.15"]
[Round "1"]
[White "Porat,S"]
[Black "Boersma,J"]
[Result "1-0"]
[WhiteElo "2421"]
[BlackElo "2221"]

1.d4 Nf6 2.c4 g6 3.Nc3 Bg7 4.e4 O-O 5.Nf3 d6 6.Be2 Nbd7 7.O-O e5 8.Re1 a6
9.Bg5 h6 10.Bh4 g5 11.dxe5 gxh4 12.exf6 Bxf6 13.Qd2 Kg7 14.Rad1 Re8 15.Bf1 Nc5
16.b4 Ne6 17.Nd5 a5 18.e5 dxe5 19.Nxe5 Bxe5 20.Rxe5 axb4 21.Rh5 Ng5 22.Qd4+ f6
23.Qxh4 c6 24.Rxh6 Re4 25.f4 cxd5 26.Rxd5 Qb6+ 27.c5 Qe6 28.Rxg5+ Kf7 29.Qh5+ Ke7
30.Rh7+  1-0

[Event "Essent Open"]
[Site "Hoogeveen NED"]
[Date "2004.10.19"]
[Round "5"]
[White "Hoeksema,E"]
[Black "Boersma,J"]
[Result "1-0"]
[WhiteElo "2391"]
[BlackElo "2221"]

1.d4 Nf6 2.c4 g6 3.Nc3 Bg7 4.e4 O-O 5.Nf3 d6 6.Be2 Nbd7 7.O-O e5 8.Be3 Re8
9.Qc2 exd4 10.Nxd4 Nb6 11.Rad1 Qe7 12.Ndb5 Ng4 13.Bf4 Be5 14.Bxe5 Qxe5 15.Bxg4 Bxg4
16.Nxc7 Bxd1 17.Rxd1 Nxc4 18.Nxa8 Rxa8 19.Nd5 Rc8 20.Qb3 Rc5 21.Qxb7 Qxb2
22.Qe7 Kg7 23.f4 Nb6 24.Nc7 Qxa2 25.Ne8+ Kg8 26.Qf6 Kf8 27.Qxd6+  1-0

[Event "3rd Masters"]
[Site "Rosny sous bois FRA"]
[Date "2004.10.28"]
[Round "6"]
[White "Glicenstein,A"]
[Black "Kozakov,M"]
[Result "0-1"]
[WhiteElo "2299"]
[BlackElo "2477"]

1.Nf3 Nf6 2.c4 g6 3.Nc3 Bg7 4.e4 d6 5.d4 O-O 6.Be2 Na6 7.O-O e5 8.Be3 Ng4
9.Bg5 f6 10.Bc1 c6 11.h3 Nh6 12.c5 exd4 13.Bxa6 dxc3 14.Bc4+ Kh8 15.cxd6 Re8
16.Re1 Be6 17.Bxe6 Rxe6 18.e5 Nf7 19.Qb3 Qd7 20.bxc3 Nxe5 21.Nxe5 fxe5 22.Ba3 b6
23.Qa4 Rd8 24.Rad1 c5 25.Qa6 Qf7 26.d7 e4 27.Bb2 Be5 28.Qb7 Re7 29.Rxe4 Rexd7
30.Rxd7 Rxd7 31.Qa8+ Kg7 32.Rxe5 Rd1+ 33.Kh2 Qf4+ 34.g3 Qxe5 35.Qxa7+ Kh6
36.Qf7 Qf5  0-1

[Event "TCh-SLO"]
[Site "Celje SLO"]
[Date "2004.11.01"]
[Round "4"]
[White "Jelen,Ig"]
[Black "Cvitan,O"]
[Result "1/2-1/2"]
[WhiteElo "2346"]
[BlackElo "2532"]

1.d4 Nf6 2.c4 g6 3.Nc3 Bg7 4.e4 d6 5.Nf3 O-O 6.Be2 e5 7.O-O Na6 8.Be3 Ng4
9.Bg5 Qe8 10.h3 h6 11.Bc1 exd4  1/2-1/2

[Event "TCh-SLO"]
[Site "Celje SLO"]
[Date "2004.11.01"]
[Round "4"]
[White "Beliavsky,A"]
[Black "Kozul,Z"]
[Result "1/2-1/2"]
[WhiteElo "2660"]
[BlackElo "2640"]

1.d4 Nf6 2.c4 g6 3.Nc3 Bg7 4.e4 d6 5.Nf3 O-O 6.Be2 e5 7.O-O c6 8.Be3 exd4
9.Bxd4 Re8 10.Qc2 Bg4 11.Rad1 Qe7 12.h3 Bxf3 13.Bxf3 Nbd7 14.Rfe1 h6 15.Qd2 Qf8
16.b3 a6 17.g3 Re6 18.Bg2 Rae8 19.f4 Nh5 20.Kh2 Bxd4 21.Qxd4 f5 22.Rf1 Nhf6
23.exf5 gxf5 24.b4 Qg7 25.Bf3 h5 26.Rf2 Re3 27.Rd3 R3e6 28.Re2 Kh8 29.Rxe6 Rxe6
30.Kg2 Nf8 31.Re3 h4 32.Ne2 Rxe3 33.Qxe3 hxg3 34.Nxg3 Ng6 35.Kf2 Qh6 36.Qd4 Nxf4
37.Nxf5 Nxh3+ 38.Ke2 Qg5 39.Nxd6 Ng1+ 40.Kd3 Kg8 41.Bd1 Nh3 42.Kc2 Nf4 43.Nxb7 Ne6
44.Qd3 Qe5 45.Na5 Qa1 46.Nxc6 Qxa2+ 47.Kc1 Qa1+ 48.Kd2 Ng5 49.Qd8+ Kg7 50.Qe7+ Kg8
51.Qd8+ Kg7 52.Qc7+ Kh6 53.Qh2+ Kg7 54.Qc7+ Kh6 55.Qh2+ Kg7 56.Qc7+  1/2-1/2

[Event "TCh-SWE Elitserien 2004-5"]
[Site "Skara SWE"]
[Date "2004.11.05"]
[Round "1"]
[White "Kaivanipour,K"]
[Black "Madebrink,L"]
[Result "0-1"]
[WhiteElo "1932"]
[BlackElo "2263"]

1.d4 Nf6 2.c4 g6 3.Nc3 Bg7 4.e4 d6 5.Nf3 O-O 6.Be2 e5 7.O-O Nbd7 8.dxe5 dxe5
9.Qc2 c6 10.Rd1 Qe7 11.a4 a5 12.b3 Re8 13.Ba3 Nc5 14.Rd3 Bf8 15.Rad1 Qc7
16.Bxc5 Bxc5 17.h3 Nh5 18.Bf1 Nf4 19.R3d2 Qe7 20.Ne2 Qf6 21.Nxf4 Qxf4 22.Ne1 Qg5
23.Rd3 Qe7 24.g3 f5 25.Bg2 fxe4 26.Bxe4 Bxh3 27.Ng2 Bg4 28.Re1 Qf6 29.Ne3 Be6
30.Red1 Rf8 31.Qe2 Bd4 32.Kg2 Qg5 33.Rxd4 exd4 34.Rxd4 Rad8 35.Nc2 Rxd4 36.Nxd4 Bf7
37.Kg1 Re8 38.Qc2 Qe5  0-1

[Event "FSGM November"]
[Site "Budapest HUN"]
[Date "2004.11.06"]
[Round "1"]
[White "Paschall,W"]
[Black "Wittmann,W"]
[Result "1-0"]
[WhiteElo "2394"]
[BlackElo "2339"]

1.d4 Nf6 2.c4 g6 3.Nc3 Bg7 4.e4 d6 5.Nf3 O-O 6.Be2 e5 7.O-O Na6 8.Be3 Ng4
9.Bg5 Qe8 10.h3 f6 11.Bc1 Nh6 12.dxe5 dxe5 13.Be3 c6 14.c5 Nf7 15.Bxa6 bxa6
16.Qa4 Rb8 17.b3 f5 18.exf5 gxf5 19.Rfe1 Rb7 20.Rad1 Rd7 21.Rxd7 Qxd7 22.Rd1 Qe8
23.Qc4 Kh8 24.Ng5 Nxg5 25.Bxg5 Qg6 26.Qh4 h6 27.Be7 Rg8 28.Rd6 Be6 29.Rxc6 e4
30.Nd5 Be5 31.g3 Bxd5 32.Rxg6 Rxg6 33.Bd6 Bd4 34.Qf4 Kg8 35.Qxf5  1-0

[Event "Extraliga CZE 2004-5"]
[Site "Czech Rep CZE"]
[Date "2004.11.06"]
[Round "1"]
[White "Volosin,V"]
[Black "Sergeev,Vl"]
[Result "1-0"]
[WhiteElo "2300"]
[BlackElo "2431"]

1.d4 Nf6 2.c4 d6 3.Nf3 Nbd7 4.Nc3 g6 5.e4 e5 6.Be2 Bg7 7.O-O O-O 8.Be3 c6
9.Qc2 Qe7 10.Rad1 a6 11.a3 exd4 12.Bxd4 Re8 13.Rfe1 b5 14.Bf1 Ne5 15.Nxe5 dxe5
16.Be3 Ng4 17.Bb6 Be6 18.b4 Bf8 19.Bc5 Qc7 20.Bxf8 Kxf8 21.Rd2 Rad8 22.Red1 Nf6
23.h3 Rxd2 24.Rxd2 bxc4 25.Na4 Rd8 26.Nc5 Rxd2 27.Qxd2 Ke7 28.Qc3 Qd6 29.Bxc4 Bxc4
30.Qxc4 Qd1+ 31.Qf1 Qd4 32.Qxa6 Nxe4 33.Qa7+ Kf6 34.Nxe4+ Qxe4 35.Qb6 Qc2
36.Kh2 Kg7 37.Qe3 Qb2 38.g4 Kf6 39.Kg2 Qc2 40.Kg3 Ke6 41.g5 Qb1 42.Qf3 e4
43.Qf6+ Kd5 44.Qxf7+ Ke5 45.Qc7+ Ke6 46.Qxc6+ Ke5 47.Qc3+ Kd5 48.Kf4 Qf1
49.Qe5+ Kc4 50.Qxe4+ Kb3 51.Qe3+ Ka4 52.Ke5 Qa1+ 53.Ke6 Qg7 54.Qc5 Qg8+ 55.Kf6 Qd8+
56.Kg7 Qd7+ 57.Kg8 Qxh3 58.b5 Qe6+ 59.Kxh7 Qf7+ 60.Kh6 Ka5 61.b6+ Ka6 62.a4 Qe6
63.Qb5+ Kb7 64.a5 Qh3+ 65.Kg7 Qe6 66.a6+ Kb8 67.a7+ Kb7 68.Qc5 Qd7+ 69.Kf6 Ka8
70.Qf8+  1-0

[Event "V Open"]
[Site "Sauzal ESP"]
[Date "2004.11.06"]
[Round "3"]
[White "Pinto Henriquez,R"]
[Black "Cabrera,A"]
[Result "0-1"]
[WhiteElo "2251"]
[BlackElo "2502"]

1.d4 Nf6 2.c4 g6 3.Nc3 Bg7 4.e4 d6 5.Nf3 O-O 6.Be2 e5 7.dxe5 dxe5 8.Qxd8 Rxd8
9.Bg5 Nbd7 10.Nd5 c6 11.Ne7+ Kf8 12.Nxc8 Raxc8 13.O-O-O h6 14.Bxf6 Nxf6 15.Rxd8+ Rxd8
16.Nd2 h5 17.f3 Bh6 18.Rd1 Bf4 19.g3 Bxd2+ 20.Rxd2 Ra8 21.Kc2 Ke7 22.Rd3 h4
23.g4 Nd7 24.Rd1 Nc5 25.b4 Ne6 26.Kd3 a5 27.Rb1 axb4 28.Rxb4 Nc5+ 29.Ke3 Ra3+
30.Kf2 Rxa2 31.Ke3 Kf6 32.Rb1 Kg5 33.Rd1 Ra3+ 34.Kf2 Kf6 35.Rd8 Ke7 36.Rd2 Rb3
37.Kg2 Ne6 38.Kf2 Nd4 39.Bd3 Kf6 40.Ke3 Ne6 41.Kf2 Kg5 42.Ke3 Nf4 43.Rd1 Rxd3+
44.Rxd3 Nxd3 45.Kxd3 Kf4 46.Ke2 b5  0-1